00511nam a2200145Ia 4500008004100000024000700041082001800048100003900066245004500105260002500150600003200175650003300207952010800240999001700348250506s9999 xx 000 0 und d aNA a005.15072 SYE aS.M. Khurram Hussain & Zafar Moeed 0aQA Asid Online Medical Diagnostic Centre aKarachi:bUIT,c1996 aComputer System Engineering aBachelor of Engineering (BE) 001040708PR-CEaUITUbUITUd2022-07-26l0o005.15072 SYEpCE-63r2025-05-06 11:34:10w2025-05-06yPR c27836d27836